Administration report of the Bombay state road transport corporation (Record no. 503714)

000 -LEADER
fixed length control field 00368cam a22001097a 4500
008 - FIXED-LENGTH DATA ELEMENTS--GENERAL INFORMATION
fixed length control field 180718b1956 xxu||||| |||| 00| 0 eng d
082 ## - DEWEY DECIMAL CLASSIFICATION NUMBER
Classification number A45:U61 RT/BOMB 1955-56
245 ## - TITLE STATEMENT
Title Administration report of the Bombay state road transport corporation
Statement of responsibility, etc. by Government of Bombay
260 ## - PUBLICATION, DISTRIBUTION, ETC.
Place of publication, distribution, etc. Bombay
Name of publisher, distributor, etc. Government of Bombay
Date of publication, distribution, etc. 1956
300 ## - PHYSICAL DESCRIPTION
Extent 47p.
700 ## - ADDED ENTRY--PERSONAL NAME
Personal name Government of Bombay
Holdings
Withdrawn status Lost status Damaged status Not for loan Permanent Location Current Location Date acquired Full call number Barcode Date last seen Price effective from Koha item type
        Indian Institute of Public Administration Indian Institute of Public Administration 2018-08-04 A45:U61 RT/BOMB 1955-56 GG32897 2018-08-04 2018-08-04 GG

Powered by Koha